[Event "POL-chT 2nd League"]
[Site "Sypniewo"]
[Date "2021.09.11"]
[Round "8.16"]
[White "Rusinski, Mateusz"]
[Black "Wasik, Roman"]
[Result "0-1"]
[WhiteElo "1751"]
[BlackElo "1355"]
[PlyCount "74"]
[EventDate "2021.09.04"]
[EventType "team-swiss"]
[EventRounds "9"]
[EventCountry "POL"]
[SourceTitle "CBM 204 Extra"]
[Source "ChessBase"]
[SourceDate "2021.11.30"]
[SourceVersion "1"]
[SourceVersionDate "2021.11.30"]
[SourceQuality "1"]
[WhiteTeam "Wolsztyn UKS Szach"]
[BlackTeam "Rzeszow RzKSz"]
[WhiteTeamCountry "POL"]
[BlackTeamCountry "POL"]

1. e4 c5 2. Nf3 d6 3. d4 cxd4 4. Nxd4 Nf6 5. Nc3 g6 6. Bc4 Bg7 7. 0-0 Nc6 8. Nxc6 bxc6 9. Bb3 Bg4 10. Qd3 0-0 11. Be3 Be6 12. h3 Bxb3 13. axb3 Qc7 14. Ra4 Nd7 15. Rfa1 Nc5 16. Bxc5 dxc5 17. Qe2 Rfb8 18. Nd1 Rb4 19. Rxb4 cxb4 20. Ra2 Rd8 21. Ne3 Bd4 22. g3 Qe5 23. Qf3 Qc5 24. Nc4 Qg5 25. Ra1 Rd7 26. Kg2 Rb7 27. Rd1 c5 28. Ra1 Qh6 29. e5 Rd7 30. c3 Bxf2 31. Qxf2 Rd3 32. Rf1 Qg7 33. cxb4 cxb4 34. Qxa7 Qf8 35. Rf3 Qd8 36. Qf2 Qd5 37. Nd2 Rxd2 0-1

[Event "POL-chT 2nd League"]
[Site "Sypniewo"]
[Date "2021.09.08"]
[Round "5.17"]
[White "Rusinski, Mateusz"]
[Black "Soliwoda, Zygmunt"]
[Result "1-0"]
[WhiteElo "1751"]
[BlackElo "1593"]
[PlyCount "143"]
[EventDate "2021.09.04"]
[EventType "team-swiss"]
[EventRounds "9"]
[EventCountry "POL"]
[SourceTitle "CBM 204 Extra"]
[Source "ChessBase"]
[SourceDate "2021.11.30"]
[SourceVersion "1"]
[SourceVersionDate "2021.11.30"]
[SourceQuality "1"]
[WhiteTeam "Wolsztyn UKS Szach"]
[BlackTeam "Myslenice MAT"]
[WhiteTeamCountry "POL"]
[BlackTeamCountry "POL"]

1. e4 c5 2. Nf3 Nc6 3. d4 cxd4 4. Nxd4 Nf6 5. Nc3 g6 6. Be3 Bg7 7. f3 0-0 8. Qd2 d6 9. 0-0-0 Bd7 10. Kb1 Nxd4 11. Bxd4 a6 12. Bd3 b5 13. Rhe1 Be6 14. h3 Kh8 15. f4 Qa5 16. f5 Bc4 17. g4 Bxd3 18. Qxd3 b4 19. g5 bxc3 20. Bxc3 Qb6 21. gxf6 Bxf6 22. Bxf6+ exf6 23. Qxd6 Rab8 24. b3 Rfd8 25. Qxb6 Rxd1+ 26. Rxd1 Rxb6 27. c4 Kg7 28. Kc2 Kh6 29. Rd7 gxf5 30. exf5 Kg5 31. Rxf7 h5 32. Rh7 Rc6 33. Kc3 Rc5 34. Kd4 Rxf5 35. c5 Rf2 36. a4 Rc2 37. b4 Ra2 38. a5 Rc2 39. b5 axb5 40. a6 f5 41. a7 Ra2 42. c6 f4 43. c7 Rxa7 44. c8Q Rxh7 45. Qg8+ Kh6 46. h4 Rg7 47. Qf8 Kh7 48. Ke5 Rg4 49. Qf5+ Kh6 50. Kf6 b4 51. Qc8 Rg6+ 52. Kf5 Kh7 53. Qe8 Rb6 54. Qxh5+ Kg7 55. Qg5+ Kh7 56. Qd8 Ra6 57. Qc7+ Kh6 58. Qxf4+ Kh7 59. Qxb4 Kh6 60. Qf8+ Kh7 61. Qe7+ Kh6 62. Qd8 Kg7 63. h5 Kh7 64. Kg5 Ra7 65. Qd3+ Kg8 66. Qc4+ Kh7 67. Qd3+ Kg8 68. h6 Rf7 69. Qd5 Kh8 70. Kg6 Rf8 71. Qe5+ Kg8 72. Qg7# 1-0

[Event "Poznan op 28th"]
[Site "Poznan"]
[Date "2021.08.15"]
[Round "2"]
[White "Kaczmarek, Jan"]
[Black "Rusinski, Mateusz"]
[Result "1-0"]
[WhiteElo "1337"]
[BlackElo "1798"]
[PlyCount "127"]
[EventDate "2021.08.15"]
[EventType "swiss"]
[EventRounds "9"]
[EventCountry "POL"]
[SourceTitle "EXT 2022"]
[Source "ChessBase"]
[SourceDate "2021.10.06"]
[SourceVersion "1"]
[SourceVersionDate "2021.10.06"]
[SourceQuality "1"]
[WhiteTeam "Poland"]
[BlackTeam "Poland"]
[WhiteTeamCountry "POL"]
[BlackTeamCountry "POL"]

1. e4 e5 2. Nf3 Nc6 3. Bc4 Bc5 4. c3 Nf6 5. d4 exd4 6. e5 d5 7. Bb5 Ne4 8. cxd4 Bb4+ 9. Nbd2 0-0 10. h3 Ne7 11. 0-0 Nxd2 12. Bxd2 Bxd2 13. Nxd2 c6 14. Bd3 Qb6 15. Nb3 Bf5 16. Qc2 Bxd3 17. Qxd3 Qc7 18. f4 f6 19. Nc5 Qc8 20. e6 f5 21. Nd7 Rd8 22. Rae1 Qc7 23. g4 fxg4 24. hxg4 Qd6 25. f5 b6 26. g5 Rxd7 27. exd7 Qxd7 28. Qf3 Rf8 29. f6 Ng6 30. Qf5 Qc7 31. Qe6+ Kh8 32. Re3 gxf6 33. gxf6 Rf7 34. Qe8+ Rf8 35. f7 Kg7 36. Rh3 c5 37. Qe6 Qd8 38. Rf5 Qe7 39. Qxe7 Nxe7 40. Rfh5 Kxf7 41. Rxh7+ Ke8 42. Re3 Rf7 43. Rxf7 Kxf7 44. dxc5 bxc5 45. Ra3 Ke6 46. Rxa7 Kd6 47. Kf2 Nc6 48. Ra6 Kc7 49. Ke2 Kb7 50. Ra3 Kb6 51. Rh3 Nd4+ 52. Kd3 Nc6 53. Kc3 Kb5 54. Rh5 d4+ 55. Kb3 Na5+ 56. Kc2 Kb4 57. a3+ Kc4 58. Rh3 Nc6 59. b3+ Kd5 60. Rh5+ Kd6 61. Kd3 Ne5+ 62. Ke4 Nf7 63. Rf5 Ke6 64. Rxc5 1-0

[Event "POL-chT3 Wielkopolska 1112"]
[Site "Poland"]
[Date "2012.??.??"]
[Round "6.21"]
[White "Glapa, Witold"]
[Black "Rusinski, Mateusz"]
[Result "0-1"]
[WhiteElo "1801"]
[BlackElo "1901"]
[PlyCount "146"]
[EventDate "2011.11.27"]
[EventType "team-tourn"]
[EventRounds "11"]
[EventCountry "POL"]
[SourceTitle "EXT 2014"]
[Source "ChessBase"]
[SourceDate "2013.11.20"]
[SourceVersion "1"]
[SourceVersionDate "2013.11.20"]
[SourceQuality "1"]
[WhiteTeam "Leszno Wieniawa"]
[BlackTeam "Wolsztyn UKS Szach"]
[WhiteTeamCountry "POL"]
[BlackTeamCountry "POL"]

1. e4 e5 2. Nf3 Nc6 3. Bc4 Bc5 4. c3 Nf6 5. d3 d5 6. exd5 Nxd5 7. b4 Bb6 8. Qb3 Be6 9. 0-0 0-0 10. a4 a6 11. Re1 h6 12. a5 Ba7 13. h3 Re8 14. Qc2 Qf6 15. Nbd2 Rad8 16. Ne4 Qg6 17. Kh2 Nf4 18. Bxf4 Bxc4 19. dxc4 exf4 20. c5 Ne5 21. Nd4 Bb8 22. Rad1 Nc4 23. Re2 c6 24. Kh1 Ne3 25. fxe3 Qxe4 26. Qxe4 Rxe4 27. Rde1 fxe3 28. Rxe3 Rxe3 29. Rxe3 Kf8 30. Kg1 Bc7 31. Rf3 Kg8 32. Re3 Rd7 33. g3 f6 34. Kg2 Be5 35. Re4 Kf7 36. Kf3 Rd5 37. g4 Kg6 38. h4 h5 39. Nf5 hxg4+ 40. Kxg4 Rd3 41. h5+ Kf7 42. c4 Rd1 43. Kf3 Rf1+ 44. Kg4 Rb1 45. Nd6+ Ke7 46. Nf5+ Kd7 47. h6 g6 48. Rxe5 gxf5+ 49. Rxf5 Rg1+ 50. Kf4 Rf1+ 51. Ke4 Re1+ 52. Kd3 Ke6 53. Rh5 Rd1+ 54. Ke2 Rd8 55. h7 Rh8 56. Ke3 Kf7 57. b5 Kg6 58. Rh2 Rxh7 59. Rd2 Re7+ 60. Kf4 Re5 61. b6 Rxc5 62. Rd7 Rxc4+ 63. Ke3 Ra4 64. Rxb7 Rxa5 65. Ra7 c5 66. Ke4 f5+ 67. Kd5 f4 68. Kc4 Kf5 69. b7 Rb5 70. Rxa6 Rxb7 71. Kxc5 Rd7 72. Ra4 f3 73. Kc4 f2 0-1

[Event "POL-chT3 Wielkopolska 1112"]
[Site "Poland"]
[Date "2012.??.??"]
[Round "7.15"]
[White "Kowalczuk, Mikolaj"]
[Black "Rusinski, Mateusz"]
[Result "1-0"]
[WhiteElo "1893"]
[BlackElo "1901"]
[PlyCount "131"]
[EventDate "2011.11.27"]
[EventType "team-tourn"]
[EventRounds "11"]
[EventCountry "POL"]
[SourceTitle "EXT 2014"]
[Source "ChessBase"]
[SourceDate "2013.11.20"]
[SourceVersion "1"]
[SourceVersionDate "2013.11.20"]
[SourceQuality "1"]
[WhiteTeam "Rawicz Korona Rawbud"]
[BlackTeam "Wolsztyn UKS Szach"]
[WhiteTeamCountry "POL"]
[BlackTeamCountry "POL"]

1. d4 Nf6 2. c4 g6 3. Nc3 Bg7 4. e4 d6 5. Nf3 0-0 6. h3 c5 7. d5 b5 8. cxb5 a6 9. b6 Nbd7 10. a4 a5 11. Be2 Nxb6 12. 0-0 Ba6 13. Bxa6 Rxa6 14. Qe2 Qc8 15. Be3 Nbd7 16. Nd2 Qb7 17. Ra3 Rb8 18. Rb3 Rb6 19. Nb5 Qa6 20. f3 Ne8 21. Nc4 R6b7 22. Qd2 Ra8 23. Qd3 Nc7 24. Nxc7 Rxc7 25. Rb5 Qc8 26. Nxa5 Ne5 27. Qc2 Rb8 28. Rxb8 Qxb8 29. f4 Nd7 30. b3 Nf6 31. Nc4 Rb7 32. Rb1 Ne8 33. Bd2 Nc7 34. Na5 Rb6 35. Nc6 Qe8 36. a5 Rb7 37. Qd3 e6 38. a6 Rb5 39. Ba5 exd5 40. exd5 Rxa5 41. Nxa5 Qa8 42. Nc6 Nxa6 43. Re1 Nc7 44. Re7 Bd4+ 45. Nxd4 Nxd5 46. Re1 cxd4 47. Qxd4 Nc7 48. Qxd6 Ne6 49. b4 Qb7 50. Rb1 Qb5 51. Ra1 Qb7 52. Ra6 h5 53. Rb6 Qe4 54. Rb8+ Kh7 55. Qe5 Qb1+ 56. Kh2 Ng7 57. Rb7 Qb3 58. Qe1 Nf5 59. Qe5 h4 60. Rb8 Ng7 61. b5 Qg3+ 62. Kg1 f6 63. Qe4 f5 64. Qe5 g5 65. Rb7 gxf4 66. Qxg7+ 1-0

[Event "POL-chT3 Wielkopolska 1112"]
[Site "Poland"]
[Date "2012.??.??"]
[Round "5.33"]
[White "Walaszczyk, Witold"]
[Black "Rusinski, Mateusz"]
[Result "1-0"]
[WhiteElo "2199"]
[BlackElo "1901"]
[PlyCount "31"]
[EventDate "2011.11.27"]
[EventType "team-tourn"]
[EventRounds "11"]
[EventCountry "POL"]
[SourceTitle "EXT 2014"]
[Source "ChessBase"]
[SourceDate "2013.11.20"]
[SourceVersion "1"]
[SourceVersionDate "2013.11.20"]
[SourceQuality "1"]
[WhiteTeam "Konin Hetman"]
[BlackTeam "Wolsztyn UKS Szach"]
[WhiteTeamCountry "POL"]
[BlackTeamCountry "POL"]

1. d4 Nf6 2. Nf3 e6 3. c4 g6 4. g3 Bg7 5. Bg2 0-0 6. 0-0 c5 7. dxc5 Ne4 8. Qc2 Nxc5 9. Bg5 Qb6 10. Nc3 Bxc3 11. bxc3 Qa6 12. Be7 Qxc4 13. Ne5 Qa4 14. Qc1 Ne4 15. Bxe4 Qxe4 16. Qh6 1-0

[Event "POL-chT 2nd League"]
[Site "Mrzezyno"]
[Date "2011.09.08"]
[Round "6"]
[White "Zareba, Radoslaw"]
[Black "Rusinski, Mateusz"]
[Result "1-0"]
[WhiteElo "2039"]
[BlackElo "1904"]
[PlyCount "75"]
[EventDate "2011.09.03"]
[EventType "team-swiss"]
[EventRounds "9"]
[EventCountry "POL"]
[SourceTitle "EXT 2015"]
[Source "ChessBase"]
[SourceDate "2014.11.20"]
[SourceVersion "1"]
[SourceVersionDate "2014.11.20"]
[SourceQuality "1"]
[WhiteTeam "Wisznia Mala OKSiR"]
[BlackTeam "Wolsztyn UKS Szach"]
[WhiteTeamCountry "POL"]
[BlackTeamCountry "POL"]

1. Nc3 Nf6 2. d4 g6 3. e4 d6 4. f3 Bg7 5. Be3 0-0 6. Qd2 Nbd7 7. 0-0-0 a5 8. h4 a4 9. a3 c6 10. h5 Nxh5 11. Bh6 Bxh6 12. Qxh6 e5 13. dxe5 Nxe5 14. g4 Nf6 15. Be2 Re8 16. Nh3 d5 17. Ng5 Qc7 18. Nxh7 Nxh7 19. Qxh7+ Kf8 20. exd5 Qd6 21. Ne4 Nd3+ 22. Kb1 Qe5 23. Bxd3 cxd5 24. Qh8+ Qxh8 25. Rxh8+ Ke7 26. Rxe8+ Kxe8 27. Nf6+ Kf8 28. Nxd5 Ra5 29. c4 Be6 30. Nf4 Bc8 31. Be4 Ke7 32. Nd5+ Ke6 33. Kc2 Ke5 34. Kc3 f5 35. gxf5 gxf5 36. Bc2 b5 37. f4+ Ke6 38. Nc7+ 1-0

[Event "POL-chT 2nd League"]
[Site "Mrzezyno"]
[Date "2011.09.06"]
[Round "4"]
[White "Paszewski, Mateusz"]
[Black "Rusinski, Mateusz"]
[Result "1/2-1/2"]
[WhiteElo "1919"]
[BlackElo "1904"]
[PlyCount "111"]
[EventDate "2011.09.03"]
[EventType "team-swiss"]
[EventRounds "9"]
[EventCountry "POL"]
[SourceTitle "EXT 2015"]
[Source "ChessBase"]
[SourceDate "2014.11.20"]
[SourceVersion "1"]
[SourceVersionDate "2014.11.20"]
[SourceQuality "1"]
[WhiteTeam "Czestochowa UKS Hetman"]
[BlackTeam "Wolsztyn UKS Szach"]
[WhiteTeamCountry "POL"]
[BlackTeamCountry "POL"]

1. e4 e5 2. Nf3 Nc6 3. Bc4 Bc5 4. c3 Nf6 5. d3 d6 6. 0-0 0-0 7. Nbd2 Be6 8. Bb3 Bxb3 9. Qxb3 Bb6 10. h3 Nd7 11. Nc4 Nc5 12. Qc2 Qf6 13. Ne3 Ne7 14. d4 exd4 15. Nxd4 Ne6 16. Ndf5 Nxf5 17. Nxf5 Rfe8 18. Bd2 Nc5 19. Rae1 Nd7 20. Kh2 Re6 21. f3 Rae8 22. Be3 Bxe3 23. Nxe3 c6 24. Qd2 d5 25. g3 Nb6 26. exd5 Nxd5 27. Nxd5 cxd5 28. Rxe6 Qxe6 29. Rf2 d4 30. Qxd4 Qxa2 31. Qd7 Qe6 32. Qxb7 Qe3 33. Kg2 h6 34. Qb3 Qc1 35. Qc2 Qa1 36. Re2 Rd8 37. Rd2 Re8 38. Re2 Rd8 39. Rd2 Re8 40. Rd1 Qa6 41. c4 Qe6 42. Rd2 a5 43. b3 g6 44. Qd1 Kh7 45. Qa1 Qe3 46. Qxa5 Qxb3 47. Qd5 Kg8 48. Qb5 Qe3 49. Qb2 h5 50. Qc2 Re5 51. h4 Kh7 52. Qd3 Qe1 53. Rc2 Qb1 54. Qd2 Re1 55. Qf2 Rg1+ 56. Qxg1 1/2-1/2

[Event "POL-chT 2nd League"]
[Site "Mrzezyno"]
[Date "2011.09.04"]
[Round "2"]
[White "Rusinski, Mateusz"]
[Black "Lusio, Daniel"]
[Result "1-0"]
[WhiteElo "1904"]
[BlackElo "1830"]
[PlyCount "91"]
[EventDate "2011.09.03"]
[EventType "team-swiss"]
[EventRounds "9"]
[EventCountry "POL"]
[SourceTitle "EXT 2015"]
[Source "ChessBase"]
[SourceDate "2014.11.20"]
[SourceVersion "1"]
[SourceVersionDate "2014.11.20"]
[SourceQuality "1"]
[WhiteTeam "Wolsztyn UKS Szach"]
[BlackTeam "Przemysl MKS Polonia"]
[WhiteTeamCountry "POL"]
[BlackTeamCountry "POL"]

1. d4 Nf6 2. c4 g6 3. Nc3 d5 4. Nf3 Bg7 5. g3 0-0 6. Bg2 c6 7. 0-0 Re8 8. Bf4 Nbd7 9. cxd5 Nxd5 10. Nxd5 cxd5 11. Rc1 Qb6 12. b3 Nf6 13. Ne5 Bf5 14. Qd2 Rac8 15. Nd3 Ne4 16. Bxe4 Bxe4 17. Nc5 Bf5 18. Kg2 Rc6 19. h3 f6 20. g4 Bc8 21. Na4 Qd8 22. Rxc6 bxc6 23. Rc1 e5 24. Bg3 f5 25. gxf5 Bxf5 26. dxe5 Bxe5 27. Bxe5 Rxe5 28. f4 Be4+ 29. Kh2 Rh5 30. Nc5 Bf5 31. Rc3 Qf6 32. Rg3 Rh4 33. Qe3 Qd6 34. Qe8+ Kg7 35. Qe5+ Qxe5 36. fxe5 Kf7 37. a3 h6 38. Rc3 d4 39. Rg3 h5 40. Kg2 Ke7 41. b4 Kf7 42. Kh2 Bg4 43. e3 dxe3 44. Rxe3 Bf5 45. Nb7 Re4 46. Nd6+ 1-0

[Event "Poznan op 20th"]
[Site "Poznan"]
[Date "2011.07.21"]
[Round "6"]
[White "Raczynski, Krzysztof"]
[Black "Rusinski, Mateusz"]
[Result "0-1"]
[WhiteElo "1494"]
[BlackElo "1899"]
[PlyCount "158"]
[EventDate "2011.07.16"]
[EventType "swiss"]
[EventRounds "9"]
[EventCountry "POL"]
[SourceTitle "CBM 143 Extra"]
[Source "ChessBase"]
[SourceDate "2011.08.29"]
[SourceVersion "1"]
[SourceVersionDate "2011.08.29"]
[SourceQuality "1"]

1. e4 e5 2. Nf3 Nc6 3. Bc4 Bc5 4. 0-0 Nf6 5. d3 d6 6. Be3 Bb6 7. h3 Bd7 8. Nc3 Qe7 9. Qd2 h6 10. Na4 Bxe3 11. fxe3 b6 12. Nc3 0-0 13. Rae1 a6 14. d4 b5 15. Bb3 Rad8 16. a3 Nb8 17. Ba2 c5 18. b4 c4 19. Qf2 Bc6 20. d5 Bb7 21. Nh4 Bc8 22. Nf5 Bxf5 23. exf5 e4 24. Rd1 Rfe8 25. a4 Qa7 26. Bb1 bxa4 27. Qd2 a3 28. Ba2 Rc8 29. Nb1 Nbd7 30. Nxa3 Ne5 31. Qd4 Qc7 32. Nb1 c3 33. Na3 Rb8 34. Rb1 a5 35. b5 Rec8 36. Rfd1 Qc5 37. Qxc5 Rxc5 38. Rd4 Ned7 39. Kf2 Nb6 40. Rbd1 Nc8 41. Rb1 h5 42. Ke2 Ne7 43. Ra4 Nxf5 44. Rxa5 Nxd5 45. Bxd5 Rxd5 46. Nc4 Rc5 47. Rb4 d5 48. Na3 Nd6 49. Ra6 Nc8 50. Rb3 g6 51. Rc6 Rxc6 52. bxc6 Rxb3 53. cxb3 Kf8 54. Nb5 Ke7 55. Nxc3 Kd6 56. c7 Nb6 57. Nb5+ Kc6 58. Nd4+ Kxc7 59. b4 Nc4 60. Kf2 h4 61. Nb5+ Kc6 62. Nd4+ Kb6 63. b5 Nd6 64. Nc6 Kxb5 65. Ne5 Kb4 66. Nc6+ Kc4 67. g4 hxg3+ 68. Kxg3 Kd3 69. Kf4 Kd2 70. Ke5 Kxe3 71. Kxd6 d4 72. Ke5 d3 73. Na5 f5 74. Nc4+ Ke2 75. h4 d2 76. h5 gxh5 77. Nxd2 Kxd2 78. Kf4 e3 79. Kg5 e2 0-1

[Event "POL-chT3 2010/11"]
[Site "Wielkopolska"]
[Date "2011.04.15"]
[Round "11"]
[White "Rusinski, Mateusz"]
[Black "Swiatnicki, Andrzej"]
[Result "1/2-1/2"]
[WhiteElo "1891"]
[BlackElo "2123"]
[PlyCount "120"]
[EventDate "2010.11.28"]
[EventType "team-tourn"]
[EventRounds "11"]
[EventCountry "POL"]
[SourceTitle "EXT 2019"]
[Source "ChessBase"]
[SourceDate "2018.10.10"]
[SourceVersion "1"]
[SourceVersionDate "2018.10.10"]
[SourceQuality "1"]
[WhiteTeam "Wolsztyn UKS Szach"]
[BlackTeam "Konin Hetman"]
[WhiteTeamCountry "POL"]
[BlackTeamCountry "POL"]

1. e4 e5 2. Nf3 Nc6 3. d4 exd4 4. Bc4 Nf6 5. 0-0 Bc5 6. e5 d5 7. exf6 dxc4 8. fxg7 Rg8 9. Bg5 Qd6 10. Nbd2 Qg6 11. Ne4 Be7 12. Bxe7 Kxe7 13. Nxd4 Rxg7 14. Nxc6+ bxc6 15. Ng3 Be6 16. Qd4 Rag8 17. Qc5+ Kd7 18. Rad1+ Bd5 19. Rfe1 f5 20. Rxd5+ cxd5 21. Qxd5+ Qd6 22. Qxf5+ Kd8 23. Qf3 Kc8 24. Qa8+ Kd7 25. Qxa7 Qd5 26. Qa4+ Kd8 27. c3 Rd7 28. h4 Re8 29. Rxe8+ Kxe8 30. Qa7 Qd1+ 31. Kh2 Qg4 32. Qe3+ Re7 33. Qh6 Rf7 34. Qc6+ Kf8 35. Qc5+ Kg8 36. h5 Qf4 37. Kg1 Rd7 38. Qb5 Rd1+ 39. Nf1 Kf7 40. Qa4 Rd5 41. Qc6 Rf5 42. Qd7+ Kf6 43. Qd8+ Kg7 44. Qe7+ Kh6 45. Qe6+ Rf6 46. Qe2 Rf5 47. Ng3 Re5 48. Qd1 Re6 49. Qd5 Re1+ 50. Nf1 Qe4 51. Qd2+ Kxh5 52. f3 Qe2 53. Qd5+ Kg6 54. Qg8+ Kf6 55. Qf8+ Ke6 56. Qe8+ Kd6 57. Qd8+ Kc6 58. Qa8+ Kd7 59. Qd5+ Ke7 60. Qc5+ Kf6 1/2-1/2

[Event "POL-chT3 2010/11"]
[Site "Wielkopolska"]
[Date "2011.01.23"]
[Round "5"]
[White "Zielinski, Tadeusz"]
[Black "Rusinski, Mateusz"]
[Result "1/2-1/2"]
[WhiteElo "1806"]
[BlackElo "1891"]
[PlyCount "143"]
[EventDate "2010.11.28"]
[EventType "team-tourn"]
[EventRounds "11"]
[EventCountry "POL"]
[SourceTitle "EXT 2019"]
[Source "ChessBase"]
[SourceDate "2018.10.10"]
[SourceVersion "1"]
[SourceVersionDate "2018.10.10"]
[SourceQuality "1"]
[WhiteTeam "Poznan Lech"]
[BlackTeam "Wolsztyn UKS Szach"]
[WhiteTeamCountry "POL"]
[BlackTeamCountry "POL"]

1. e4 e5 2. Bc4 Nc6 3. Nf3 Bc5 4. 0-0 Nf6 5. d3 d6 6. h3 Be6 7. Bb3 Bxb3 8. axb3 0-0 9. Bg5 h6 10. Bh4 Nd4 11. Nc3 c6 12. Na4 Ne6 13. Nxc5 Nxc5 14. Qd2 Re8 15. Qe3 a6 16. Bg3 Nh5 17. Bh2 Ne6 18. d4 f6 19. Rad1 Qe7 20. c3 g5 21. g3 Nhg7 22. c4 Rad8 23. Kg2 exd4 24. Nxd4 Nxd4 25. Rxd4 Ne6 26. Rd2 c5 27. Qd3 Nd4 28. f3 Qe6 29. Bg1 f5 30. Bxd4 cxd4 31. exf5 Qe3 32. Qxd4 Qxd4 33. Rxd4 Re3 34. Rf2 Rxb3 35. Rfd2 Kg7 36. g4 Rd7 37. Kg3 Rb4 38. h4 gxh4+ 39. Kxh4 a5 40. Rxd6 Rxd6 41. Rxd6 Rxb2 42. Rg6+ Kh7 43. Rd6 a4 44. Rd7+ Kg8 45. Kh5 a3 46. Kg6 Kf8 47. Rd8+ Ke7 48. Ra8 Rb6+ 49. Kg7 Ra6 50. f6+ Rxf6 51. Rxa3 Rc6 52. Rb3 b6 53. Rb5 Kd7 54. Rf5 Rxc4 55. Kxh6 Rc5 56. Kg5 Kc6 57. Kf6 b5 58. g5 b4 59. Rxc5+ Kxc5 60. g6 b3 61. g7 b2 62. g8Q b1Q 63. Qc8+ Kd4 64. Qg4+ Ke3 65. f4 Qb2+ 66. Kg6 Qb6+ 67. Kh5 Qf6 68. f5 Qh8+ 69. Kg5 Qg7+ 70. Kh4 Qh6+ 71. Kg3 Qd6+ 72. Kh4 1/2-1/2

[Event "POL-chT3 Wielkopolska 1112"]
[Site "Poland"]
[Date "2011.??.??"]
[Round "3.9"]
[White "Wojtkowski, Pawel"]
[Black "Rusinski, Mateusz"]
[Result "1-0"]
[WhiteElo "1974"]
[BlackElo "1901"]
[PlyCount "51"]
[EventDate "2011.11.27"]
[EventType "team-tourn"]
[EventRounds "11"]
[EventCountry "POL"]
[SourceTitle "EXT 2014"]
[Source "ChessBase"]
[SourceDate "2013.11.20"]
[SourceVersion "1"]
[SourceVersionDate "2013.11.20"]
[SourceQuality "1"]
[WhiteTeam "Srem LKS Piast"]
[BlackTeam "Wolsztyn UKS Szach"]
[WhiteTeamCountry "POL"]
[BlackTeamCountry "POL"]

1. Nf3 d5 2. c4 e6 3. b3 Nf6 4. Bb2 c5 5. cxd5 exd5 6. d4 Nc6 7. e3 Bf5 8. Bd3 Bxd3 9. Qxd3 Qa5+ 10. Nc3 Nb4 11. Qe2 cxd4 12. exd4+ Ne4 13. 0-0 f5 14. Nh4 0-0-0 15. Nxf5 g6 16. Ne3 Nxc3 17. Bxc3 Qb6 18. Qf3 Bg7 19. Rfd1 Rdf8 20. Qg3 Rd8 21. Bxb4 Qxb4 22. Rac1+ Kd7 23. Nxd5 Qd6 24. Rc7+ Ke6 25. Re7+ Kxd5 26. Qf3# 1-0

[Event "Gniezno Powiatu-A"]
[Site "Gniezno"]
[Date "2010.11.13"]
[Round "2.3"]
[White "Rusinski, Mateusz"]
[Black "Weglarz, Leszek"]
[Result "0-1"]
[WhiteElo "1891"]
[BlackElo "2192"]
[PlyCount "64"]
[EventDate "2010.11.12"]
[EventType "swiss"]
[EventRounds "5"]
[EventCountry "POL"]
[SourceTitle "EXT 2023"]
[Source "ChessBase"]
[SourceDate "2022.10.05"]
[SourceVersion "1"]
[SourceVersionDate "2022.10.05"]
[SourceQuality "1"]

1. e4 c5 2. Nf3 d6 3. d4 cxd4 4. Nxd4 Nf6 5. Nc3 Nc6 6. Bc4 e6 7. 0-0 Be7 8. Bg5 0-0 9. Qd2 a6 10. a4 h6 11. Bxf6 Bxf6 12. Nce2 Qc7 13. Bb3 Bd7 14. c3 Na5 15. Ba2 Nc4 16. Qc2 Rac8 17. Bb1 g6 18. Nf4 Bg7 19. h4 d5 20. Nfe2 dxe4 21. h5 e5 22. Nb3 f5 23. hxg6 Rf6 24. Nd2 Nxd2 25. Qxd2 Rxg6 26. Ba2+ Kh8 27. Ng3 Rf8 28. Bd5 Rg5 29. b4 e3 30. Qe1 e4 31. f4 exf3 32. Rxf3 f4 0-1

[Event "Poznan op 19th"]
[Site "Poznan"]
[Date "2010.08.08"]
[Round "9"]
[White "Cholewa, Maria"]
[Black "Rusinski, Mateusz"]
[Result "1/2-1/2"]
[WhiteElo "1806"]
[BlackElo "1898"]
[PlyCount "118"]
[EventDate "2010.08.01"]
[EventType "swiss"]
[EventRounds "9"]
[EventCountry "POL"]
[SourceTitle "CBM 138 Extra"]
[Source "ChessBase"]
[SourceDate "2010.10.29"]
[SourceVersion "1"]
[SourceVersionDate "2010.10.29"]
[SourceQuality "1"]

1. e4 e5 2. Nf3 Nc6 3. Bc4 Bc5 4. Nc3 Nf6 5. d3 h6 6. h3 d6 7. 0-0 Bd7 8. Be3 Bb6 9. Bxb6 axb6 10. a3 Ne7 11. d4 exd4 12. Nxd4 0-0 13. Re1 Ng6 14. Re3 Ra5 15. Rg3 Nf4 16. Nde2 Nxe2+ 17. Qxe2 Qe7 18. Re1 Be6 19. Bxe6 fxe6 20. Qd2 Nh5 21. Rg4 Qf6 22. Re3 Kh8 23. Rf3 Qe7 24. Rxf8+ Qxf8 25. Qe2 Nf6 26. Rf4 Qe8 27. Qf3 Qg6 28. Kh2 Qg5 29. g3 Qg6 30. a4 Rc5 31. Qd3 Kh7 32. b4 Re5 33. Nb5 Rxe4 34. Rxe4 Nxe4 35. Nxc7 e5 36. Kg2 h5 37. Nd5 b5 38. Ne7 Qf7 39. Qxe4+ g6 40. Nd5 bxa4 41. c4 a3 42. Qb1 b5 43. Qa2 bxc4 44. Qxc4 e4 45. Qxe4 a2 46. Qd4 a1Q 47. Qxa1 Qxd5+ 48. Kg1 Qd3 49. Qa7+ Kh8 50. Qa8+ Kh7 51. Qb7+ Kh6 52. b5 d5 53. b6 Qb1+ 54. Kg2 Qe4+ 55. Kg1 Qe1+ 56. Kg2 Qe4+ 57. Kh2 Qe2 58. Qxd5 Qxf2+ 59. Qg2 Qxb6 1/2-1/2

[Event "Poznan op 19th"]
[Site "Poznan"]
[Date "2010.08.04"]
[Round "4"]
[White "Niekras, Dawid"]
[Black "Rusinski, Mateusz"]
[Result "1-0"]
[WhiteElo "1712"]
[BlackElo "1898"]
[PlyCount "105"]
[EventDate "2010.08.01"]
[EventType "swiss"]
[EventRounds "9"]
[EventCountry "POL"]
[SourceTitle "CBM 138 Extra"]
[Source "ChessBase"]
[SourceDate "2010.10.29"]
[SourceVersion "1"]
[SourceVersionDate "2010.10.29"]
[SourceQuality "1"]

1. e4 e5 2. Nf3 Nc6 3. Bb5 a6 4. Ba4 Nf6 5. 0-0 b5 6. Bb3 Be7 7. Re1 0-0 8. c3 d6 9. h3 Na5 10. Bc2 c5 11. d4 Qc7 12. Nbd2 Re8 13. d5 c4 14. Nf1 Nb7 15. Ng3 Nc5 16. Be3 Nfd7 17. Qe2 Bf8 18. Nd2 Nb6 19. Nh5 a5 20. Qf3 b4 21. Qg3 Kh8 22. Bg5 Ncd7 23. Qf3 Kg8 24. Ng3 Nc5 25. Qe2 bxc3 26. bxc3 Rb8 27. Rab1 Ba6 28. Nh5 Nbd7 29. Qg4 Rxb1 30. Rxb1 Rb8 31. Qd1 Rxb1 32. Qxb1 Nd3 33. Be3 N7c5 34. Ng3 g6 35. a3 h5 36. Qa2 Nd7 37. Bxd3 cxd3 38. Qb3 Nc5 39. Bxc5 Qxc5 40. Ngf1 Bh6 41. c4 Qd4 42. Qb8+ Kh7 43. Qxd6 Bxc4 44. Qc7 Bxd2 45. Nxd2 Qa1+ 46. Kh2 Ba2 47. Qxf7+ Kh6 48. Qf8+ Kh7 49. Qe7+ Kh6 50. d6 Qc1 51. d7 Qxd2 52. Qf8+ Kh7 53. d8Q 1-0

[Event "Poznan op 19th"]
[Site "Poznan"]
[Date "2010.08.03"]
[Round "3"]
[White "Rusinski, Mateusz"]
[Black "Duszczak, Dariusz"]
[Result "0-1"]
[WhiteElo "1898"]
[BlackElo "2022"]
[PlyCount "84"]
[EventDate "2010.08.01"]
[EventType "swiss"]
[EventRounds "9"]
[EventCountry "POL"]
[SourceTitle "CBM 138 Extra"]
[Source "ChessBase"]
[SourceDate "2010.10.29"]
[SourceVersion "1"]
[SourceVersionDate "2010.10.29"]
[SourceQuality "1"]

1. e4 d5 2. e5 c5 3. d4 cxd4 4. Qxd4 Nc6 5. Bb5 e6 6. Nf3 Qa5+ 7. Nc3 Bb4 8. 0-0 Bxc3 9. Bxc6+ bxc6 10. bxc3 Ne7 11. Qb4 Qxb4 12. cxb4 a5 13. Bd2 axb4 14. Bxb4 Ba6 15. Rfb1 Kd7 16. Rb2 h6 17. Rab1 Rhb8 18. a3 Rb7 19. Nd4 Bc4 20. f4 Rab8 21. Nb3 Bxb3 22. cxb3 f6 23. Bd6 Rc8 24. b4 Ra8 25. b5 cxb5 26. Rxb5 Rxb5 27. Rxb5 Nf5 28. Bb4 fxe5 29. fxe5 Kc6 30. Rc5+ Kb6 31. Rc3 Kb7 32. g4 Nd4 33. Kf2 Nb5 34. Rf3 Kc6 35. h4 d4 36. h5 Ra7 37. Rf8 Kd5 38. a4 Rxa4 39. Be7 Kxe5 40. Rf7 d3 41. Rxg7 d2 42. Ke2 Rd4 0-1